000 01128nam a22002537a 4500
001 10148
003 FISKH
005 20260427142557.0
008 260427b cb ||||| |||| 00| 0 eng d
020 _a9789924342380
040 _aFISKH
_bkhr
_cFISKH
_dFISKH
082 _a635.0484
100 _aYamato Green Farm
245 _aដំណាំបន្លែសរីរាង្គ​ /
_cBy Yamato Green Farm
260 _aPhnom Penh :
_bSipar ,
_c2025.
300 _a36 pages :
_bcolor illustrations ;
_c21 cm .
490 _aបំនិនជីវិត
520 _aការដាំបន្លែសរីរាង្គចូលរួមដល់ការធ្វើកសិកម្មប្រកបដោយចីរភាព និងលើកកម្ពស់សុខមាលភាពរបស់មនុស្ស ។​
520 _aOrganic vegetable cultivation contributes to sustainable agriculture and promotes human well-being.
650 _aបន្លែសរីរាង្គ
650 _a Organic vegetables
700 _aSophealeap , Ngek
_eIllustrator
942 _2ddc
_cKHB
_n0
999 _c10148
_d10148